| 000 | 00869nam0a22002651 4500 | ||
|---|---|---|---|
| 001 | v19\rc\1714248 | ||
| 005 | 20061002165801.6 | ||
| 035 | _a(NLR Aleph) 004813377 | ||
| 090 |
_a4949750 _c4949750 |
||
| 100 | _a20061002d1900 |||y0rusy50 ca | ||
| 101 | 1 |
_arus _cfre |
|
| 102 | _aRU | ||
| 105 | _ay z ||||| | ||
| 200 | 1 |
_aЛюбовь в Париже _eВоспоминания нач. сыскной полиции _fМ. Горон _gПер. с фр. Ал. Лесникова |
|
| 210 |
_aМосква _cУнив. тип. _d1900 |
||
| 215 |
_a[2], 349 с. _d18 |
||
| 700 | 1 |
_aГорон _bМ. Ф. _f1847-1933 _gМари Франсуа |
|
| 702 | 1 |
_aЛесников _bАл. _4730 |
|
| 801 | 0 |
_aRU _bNLR _gpsbo |
|
| 801 | 0 |
_aRU _bRuMoRGB _2psbo |
|
| 801 | 1 |
_aRU _bProSoft-M _2rusmarc |
|
| 852 |
_aNLR _j20.68.4.18 |
||
| 899 |
_aRuMoRGB _jФ 1-70/18995 |
||
| 942 | _cBOOK | ||
| 980 | _aNB | ||